[Event "Puerto Rico-ch"]
[Site "Puerto Rico"]
[Date "2007.07.27"]
[Round "10"]
[White "Montalvo Rosario, Alejandro"]
[Black "Tanco Correa, Daniel"]
[Result "1-0"]
[WhiteElo "2251"]
[BlackElo "2146"]
[PlyCount "71"]
[EventDate "2007.07.13"]
[EventType "tourn"]
[EventRounds "11"]
[EventCountry "PUR"]
[SourceTitle "EXT 2010"]
[Source "ChessBase"]
[SourceDate "2010.11.25"]
[SourceVersion "1"]
[SourceVersionDate "2010.11.25"]
[SourceQuality "1"]

1. e4 c6 2. d4 d5 3. Nd2 dxe4 4. Nxe4 Bf5 5. Ng3 Bg6 6. N1e2 Nf6 7. h4 h6 8. Nf4 Bh7 9. Bd3 Bxd3 10. Qxd3 e6 11. Bd2 Bd6 12. 0-0-0 0-0 13. Qf3 Nbd7 14. Nfh5 Rc8 15. Kb1 a5 16. Be3 a4 17. Rd3 a3 18. b3 b5 19. Rh3 Be7 20. Bf4 Qa5 21. Bd2 Qc7 22. Bg5 c5 23. Nxg7 cxd4 24. Rd2 Ne5 25. Qf4 Qc3 26. Qxd4 Qxd4 27. Rxd4 Kxg7 28. Nh5+ Nxh5 29. Bxe7 Rfe8 30. Bxa3 Rc6 31. Bb2 Kh7 32. Rb4 Ng6 33. Rxb5 Nhf4 34. Rf3 h5 35. g3 e5 36. gxf4 1-0

[Event "Puerto Rico-ch"]
[Site "Puerto Rico"]
[Date "2007.07.14"]
[Round "2"]
[White "Bermudez Adams, William"]
[Black "Tanco Correa, Daniel"]
[Result "1-0"]
[WhiteElo "2155"]
[BlackElo "2146"]
[PlyCount "123"]
[EventDate "2007.07.13"]
[EventType "tourn"]
[EventRounds "11"]
[EventCountry "PUR"]
[SourceTitle "EXT 2010"]
[Source "ChessBase"]
[SourceDate "2010.11.25"]
[SourceVersion "1"]
[SourceVersionDate "2010.11.25"]
[SourceQuality "1"]

1. e4 c6 2. b3 d5 3. Nc3 dxe4 4. Nxe4 Nd7 5. Bb2 Ngf6 6. Ng3 e6 7. Nf3 Bd6 8. d4 0-0 9. Bd3 Qa5+ 10. c3 c5 11. 0-0 cxd4 12. Nxd4 a6 13. Nf3 Qc7 14. c4 b6 15. Ne4 Be7 16. Qc2 h6 17. Rad1 Bb7 18. Rfe1 Rfd8 19. h3 Rac8 20. Qb1 Nxe4 21. Bxe4 Nc5 22. Be5 Rxd1 23. Qxd1 Qd8 24. Bxb7 Nxb7 25. Qa1 Bf8 26. Rd1 Qe8 27. Rd2 f6 28. Bd4 b5 29. cxb5 axb5 30. Be3 Bb4 31. Rd3 Nc5 32. Bxc5 Bxc5 33. Qd1 Bb6 34. a4 bxa4 35. bxa4 Rd8 36. Rxd8 Qxd8 37. Qxd8+ Bxd8 38. Nd4 Kf7 39. Kf1 e5 40. Nc6 Ke8 41. Ke2 Kd7 42. Nxd8 Kxd8 43. g4 g6 44. h4 Kc7 45. h5 gxh5 46. gxh5 f5 47. Kd3 Kd6 48. Kc4 f4 49. f3 e4 50. fxe4 Ke5 51. Kd3 f3 52. a5 Kf4 53. a6 Kg3 54. a7 f2 55. Ke2 Kg2 56. a8Q f1Q+ 57. Ke3 Qf2+ 58. Kd3 Qf3+ 59. Kd4 Qd1+ 60. Kc5 Qc2+ 61. Kd6 Qd1+ 62. Qd5 1-0